La ley y la jurisprudencia vigentes del Procedimiento Contencioso-Administrativo en la Península y en Ultramar... / (Record no. 163660)

MARC details
000 -LEADER
campo de control de longitud fija 00891nam a22002295i 4500
001 - NÚMERO DE CONTROL
campo de control 163660
003 - IDENTIFICADOR DE NÚMERO DE CONTROL
campo de control ES-MaACL
005 - FECHA Y HORA DE LA ÚLTIMA TRANSACCIÓN
campo de control 20250809040758.0
008 - DATOS DE LONGITUD FIJA--INFORMACIÓN GENERAL
campo de control de longitud fija 951113s1891 sp |||| | spa d
040 ## - FUENTE DE CATALOGACIÓN
Centro catalogador/agencia de origen CLM
Lengua de catalogación spa
Centro/agencia transcriptor CCPB | SIC
100 1# - ENTRADA PRINCIPAL--NOMBRE DE PERSONA
Nombre de persona Robles Pozo, José.
9 (RLIN) 131900
245 10 - MENCIÓN DEL TÍTULO
Título La ley y la jurisprudencia vigentes del Procedimiento Contencioso-Administrativo en la Península y en Ultramar... /
Mención de responsabilidad, etc. por José Robles Pozo.
260 ## - PUBLICACIÓN, DISTRIBUCIÓN, ETC.
Lugar de publicación, distribución, etc. Madrid :
Nombre del editor, distribuidor, etc. [s.n.],
Fecha de publicación, distribución, etc. 1891 (
Fabricante Imp. de la Revista de Legislación)
300 ## - DESCRIPCIÓN FÍSICA
Extensión 789 p. ;
Dimensiones 21 cm.
490 1# - MENCIÓN DE SERIE
Mención de serie Derecho procesal de España ;
Designación de volumen o secuencia Tercera parte
505 8# - NOTA DE CONTENIDO CON FORMATO
Nota de contenido con formato Contiene : texto de la ley de 13 de Septiembre de 1888
597 #1 - NOTA DE DESCRIPCIÓN FÍSICA
NOTA DE DESCRIPCIÓN FÍSICA Antep.
650 #7 - PUNTO DE ACCESO ADICIONAL DE MATERIA--TÉRMINO DE MATERIA
Término de materia o nombre geográfico como elemento de entrada Derecho procesal
Fuente del encabezamiento o término embne
9 (RLIN) 135900
830 0# - PUNTO DE ACCESO ADICIONAL DE SERIE-TÍTULO UNIFORME
Título uniforme Derecho procesal de España ;
Designación de volumen o secuencia Tercera parte
9 (RLIN) 222292
852 ## - LOCALIZACIÓN
Ubicación ES-MaACL
Número de control de estantería C-3309
Nota libre -- Enc. hol.
Holdings
Estatus retirado Estado de pérdida Estado de daño No para préstamo Colección Biblioteca de origen Biblioteca actual Ubicación en estantería Fecha de adquisición Fuente de adquisición Total de préstamos Signatura topográfica completa Código de barras Visto por última vez Precio de reemplazo Tipo de ítem Koha
        Libros del s. XIX Biblioteca del Ateneo de Madrid Biblioteca del Ateneo de Madrid Sala Palomar 17/01/2008     C-3309 1171503 23/02/2023 23/02/2023 Libro impreso antiguo